Microprocessor Architecture Programming & Application with the 8085 5th Ed. (Record no. 21639)

MARC details
000 -LEADER
fixed length control field 00363nam a22001337a 4500
008 - FIXED-LENGTH DATA ELEMENTS--GENERAL INFORMATION
fixed length control field 251124b |||||||| |||| 00| 0 eng d
020 ## - INTERNATIONAL STANDARD BOOK NUMBER
ISBN 81-87972-09-2
100 ## - MAIN ENTRY--AUTHOR NAME
Personal name R. Gaonkar
245 ## - TITLE STATEMENT
Title Microprocessor Architecture Programming & Application with the 8085 5th Ed.
250 ## - EDITION STATEMENT
Edition statement 5th Ed.
260 ## - PUBLICATION, DISTRIBUTION, ETC. (IMPRINT)
Place of publication India
Name of publisher Pearson
Year of publication 1989
300 ## - PHYSICAL DESCRIPTION
Number of Pages 820
942 ## - ADDED ENTRY ELEMENTS (KOHA)
Source of classification or shelving scheme Dewey Decimal Classification
Koha item type Books
Holdings
Accession Number Cost, normal purchase price Source of acquisition Price effective from Koha item type Withdrawn / writtenoff status Damaged status Not for loan Permanent Location Current Location Shelving location Date acquired Lost/ Missing status department
BB 1574 310.00 Donated By Dr. Gurpreet Kaur (ECE) 11/24/2025 Books       MIET Library, Jammu MIET Library, Jammu 73/3 11/20/2025   BB